000 00787nam a2200253 a 4500
001 26005
003 CO-ViMGA
008 141112s2004 ck r 000 u spa d
015 _ack - 2007 - xxxx
020 _a9789583025617
040 _aCO-ViMGA
_bspa
_cCO-ViMGA
090 _aECHc
100 1 _aEchavarría, Albeiro, 1963 -
_91583
245 1 0 _aCristina Zanahoria /
_cAlbeiro Echavarría ; ilustraciones Rocío Parra Parra
250 _a1a. ed.
260 _aBogotá :
_bPanAméricana,
_c2007
300 _a86 p. : il. ; 21 cm
490 _aCorcel
500 _aDatos biográficos del autor en la pasta.
650 1 4 _aCuentos infantiles colombianos - Siglo XXI
_940589
700 1 _aParra Parra, Rocío, ilustrador il.
_940590
917 _a3139 20070606
942 _2ddc
_cBK
999 _c33238
_d33238